| 000 | 00603cam a22002171 4500 | ||
|---|---|---|---|
| 001 | sa 65000285 | ||
| 003 | DLC | ||
| 005 | 20260227112102.0 | ||
| 008 | 890710s1962 ii 000 0 sano | ||
| 010 | _asa 65000285 | ||
| 035 | _a(OCoLC)19987375 | ||
| 040 |
_aDLC _cWaU _dDLC |
||
| 042 | _apremarc | ||
| 050 | 0 | 0 |
_aPK3791.B4 _bP72 |
| 100 | 0 |
_aBhāsa, _csupposed author. |
|
| 245 | 1 | 0 | _aPratijñā yaugandharāyaṇam. |
| 260 | _c[1962] | ||
| 300 |
_avi, 64 p. _c19 cm. |
||
| 500 | _aText in Sanskrit; introductory material in Telugu. | ||
| 700 | 1 | _aKr̥ṣṇamūrti, Kambhampāṭi Rāmagōpāla. | |
| 999 |
_c61475 _d61475 |
||